[Event "Team men PL"]
[Site "Sochi"]
[Date "2020.11.27"]
[Round "8.1"]
[White "Vitiugov, Nikita"]
[Black "Demchenko, Anton"]
[Result "1-0"]
[BlackElo "2626"]
[WhiteElo "2722"]
[LiveChessVersion "1.4.8"]

1.d4 {[%clk 1:30:51]} d5 {[%clk 1:30:55]} 2.Nf3 {[%clk 1:30:39]}
Nf6 {[%clk 1:31:18]} 3.c4 {[%clk 1:31:03]} e6 {[%clk 1:31:43]}
4.g3 {[%clk 1:30:00]} Bb4+ {[%clk 1:32:00]} 5.Bd2 {[%clk 1:30:18]}
Be7 {[%clk 1:32:13]} 6.Bg2 {[%clk 1:30:20]} O-O {[%clk 1:32:33]}
7.O-O {[%clk 1:30:08]} Nbd7 {[%clk 1:32:47]} 8.Qc2 {[%clk 1:27:29]}
c6 {[%clk 1:32:15]} 9.Bf4 {[%clk 1:25:11]} a5 {[%clk 1:24:34]}
10.Rd1 {[%clk 1:20:10]} a4 {[%clk 1:23:00]} 11.a3 {[%clk 1:14:23]}
h6 {[%clk 1:18:48]} 12.Nc3 {[%clk 0:56:36]} Qa5 {[%clk 1:17:26]}
13.e4 {[%clk 0:54:17]} dxc4 {[%clk 1:14:29]} 14.Qe2 {[%clk 0:53:32]}
Nb6 {[%clk 1:06:44]} 15.Ne5 {[%clk 0:45:19]} Nfd7 {[%clk 1:02:40]}
16.Ng4 {[%clk 0:44:11]} h5 {[%clk 0:41:07]} 17.Ne3 {[%clk 0:43:07]}
e5 {[%clk 0:40:02]} 18.dxe5 {[%clk 0:42:09]} Nxe5 {[%clk 0:39:20]}
19.Qxh5 {[%clk 0:41:18]} Bf6 {[%clk 0:36:52]} 20.Bxe5 {[%clk 0:22:57]}
g6 {[%clk 0:33:28]} 21.Qe2 {[%clk 0:21:57]} Bxe5 {[%clk 0:33:41]}
22.Rac1 {[%clk 0:22:00]} Qc5 {[%clk 0:32:33]} 23.Kh1 {[%clk 0:20:38]}
Bd4 {[%clk 0:27:00]} 24.Nc2 {[%clk 0:19:36]} Bg7 {[%clk 0:27:12]}
25.f4 {[%clk 0:18:02]} Re8 {[%clk 0:26:19]} 26.e5 {[%clk 0:13:43]}
Bf5 {[%clk 0:22:32]} 27.Nb4 {[%clk 0:10:58]} Qe7 {[%clk 0:22:03]}
28.g4 {[%clk 0:09:37]} Be6 {[%clk 0:21:36]} 29.g5 {[%clk 0:08:00]}
Bf5 {[%clk 0:19:41]} 30.Ne4 {[%clk 0:06:27]} Bxe4 {[%clk 0:19:57]}
31.Qxe4 {[%clk 0:06:51]} Bf8 {[%clk 0:16:25]} 32.Na2 {[%clk 0:06:28]}
Rad8 {[%clk 0:15:42]} 33.Nc3 {[%clk 0:06:31]} Rxd1+ {[%clk 0:13:45]}
34.Rxd1 {[%clk 0:06:59]} Rd8 {[%clk 0:14:09]} 35.Rxd8 {[%clk 0:04:36]}
Qxd8 {[%clk 0:14:38]} 36.Qe3 {[%clk 0:04:44]} Be7 {[%clk 0:11:57]}
37.Be4 {[%clk 0:04:18]} Nd7 {[%clk 0:10:30]} 38.e6 {[%clk 0:01:02]}
Nf8 {[%clk 0:07:17]} 39.exf7+ {[%clk 0:00:54]} Kxf7 {[%clk 0:07:46]}
40.Kg2 {[%clk 0:30:33]} Qd7 {[%clk 0:35:05]} 41.h4 {[%clk 0:23:41]}
Qg4+ {[%clk 0:30:56]} 42.Qg3 {[%clk 0:23:56]} Qd7 {[%clk 0:31:22]}
43.Qf3 {[%clk 0:18:28]} Qd2+ {[%clk 0:15:07]} 44.Qf2 {[%clk 0:16:16]}
Qxf2+ {[%clk 0:15:27]} 45.Kxf2 {[%clk 0:16:44]} Ne6 {[%clk 0:15:51]}
46.Kf3 {[%clk 0:15:21]} Bd6 {[%clk 0:11:28]} 47.f5 {[%clk 0:14:09]}
Nd4+ {[%clk 0:11:57]} 48.Kg4 {[%clk 0:14:33]} gxf5+ {[%clk 0:12:15]}
49.Bxf5 {[%clk 0:15:00]} b5 {[%clk 0:12:29]} 50.h5 {[%clk 0:11:07]}
Be5 {[%clk 0:11:21]} 51.h6 {[%clk 0:07:59]} b4 {[%clk 0:08:47]}
52.g6+ {[%clk 0:06:22]} Kg8 {[%clk 0:08:57]} 53.axb4 {[%clk 0:05:49]}
a3 {[%clk 0:09:23]} 54.Bb1 {[%clk 0:05:15]} axb2 {[%clk 0:09:43]}
55.Ne4 {[%clk 0:03:01]} Kf8 {[%clk 0:04:14]} 56.Kg5 {[%clk 0:02:23]}
Ke7 {[%clk 0:03:26]} 57.Kh5 {[%clk 0:01:13]} Kf8 {[%clk 0:01:20]}
58.Kg4 {[%clk 0:01:24]} Bh8 {[%clk 0:00:51]} 59.Nd6 {[%clk 0:00:51]}
c3 {[%clk 0:00:54]} 60.g7+ {[%clk 0:00:39]} Bxg7 {[%clk 0:01:14]}
61.hxg7+ {[%clk 0:01:08]} Kxg7 {[%clk 0:00:36]} 62.Nf5+ {[%clk 0:01:36]}
Nxf5 {[%clk 0:01:00]} 63.Kxf5 {[%clk 0:02:04]} Kf7 {[%clk 0:01:18]}
64.Ke5 {[%clk 0:02:29]} Ke7 {[%clk 0:01:44]} 65.Kd4 {[%clk 0:01:05]}
Kd6 {[%clk 0:00:41]} 66.Kxc3 {[%clk 0:01:12]} c5 {[%clk 0:00:39]}
67.b5 {[%clk 0:01:38]} c4 {[%clk 0:00:50]} 68.Kxc4 {[%clk 0:01:44]} 1-0

[Event "Team men PL"]
[Site "Sochi"]
[Date "2020.11.27"]
[Round "8.2"]
[White "Alekseev, Evgeny"]
[Black "Matlakov, Maxim"]
[Result "0-1"]
[BlackElo "2685"]
[WhiteElo "2615"]
[LiveChessVersion "1.4.8"]

1.e4 {[%clk 1:30:55]} c5 {[%clk 1:30:55]} 2.Nf3 {[%clk 1:31:15]}
e6 {[%clk 1:31:20]} 3.d4 {[%clk 1:22:22]} cxd4 {[%clk 1:28:42]}
4.Nxd4 {[%clk 1:21:19]} Nc6 {[%clk 1:29:02]} 5.g3 {[%clk 1:19:37]}
d5 {[%clk 1:21:34]} 6.Bg2 {[%clk 1:09:04]} dxe4 {[%clk 1:18:23]}
7.Nxc6 {[%clk 1:04:24]} Qxd1+ {[%clk 1:18:29]} 8.Kxd1 {[%clk 1:04:47]}
bxc6 {[%clk 1:18:52]} 9.Bxe4 {[%clk 1:03:20]} Bb7 {[%clk 1:18:58]}
10.Nd2 {[%clk 0:58:12]} O-O-O {[%clk 1:15:36]} 11.Ke1 {[%clk 0:56:55]}
Nf6 {[%clk 1:02:11]} 12.Bf3 {[%clk 0:54:48]} Nd5 {[%clk 0:55:38]}
13.a3 {[%clk 0:50:14]} e5 {[%clk 0:46:50]} 14.Nb3 {[%clk 0:42:34]}
f5 {[%clk 0:30:57]} 15.Na5 {[%clk 0:32:37]} e4 {[%clk 0:30:07]}
16.Be2 {[%clk 0:32:58]} Be7 {[%clk 0:27:39]} 17.c4 {[%clk 0:28:20]}
Nc7 {[%clk 0:26:35]} 18.Be3 {[%clk 0:28:20]} c5 {[%clk 0:24:59]}
19.Nxb7 {[%clk 0:22:14]} Kxb7 {[%clk 0:25:09]} 20.f3 {[%clk 0:21:49]}
Ne6 {[%clk 0:23:07]} 21.fxe4 {[%clk 0:15:39]} fxe4 {[%clk 0:23:31]}
22.Bg4 {[%clk 0:13:55]} Rd3 {[%clk 0:10:48]} 23.Bxe6 {[%clk 0:13:48]}
Rxe3+ {[%clk 0:11:16]} 24.Kd2 {[%clk 0:14:02]} Bg5 {[%clk 0:10:52]}
25.h4 {[%clk 0:13:24]} Rd3+ {[%clk 0:07:53]} 26.Kc2 {[%clk 0:12:10]}
Rd2+ {[%clk 0:06:45]} 27.Kc3 {[%clk 0:12:27]} Rd3+ {[%clk 0:06:58]}
28.Kc2 {[%clk 0:12:53]} Bf6 {[%clk 0:06:51]} 29.g4 {[%clk 0:08:11]}
Kc7 {[%clk 0:04:25]} 30.g5 {[%clk 0:07:57]} Bd4 {[%clk 0:04:35]}
31.Rhe1 {[%clk 0:07:10]} Rg3 {[%clk 0:04:01]} 32.Re2 {[%clk 0:06:52]}
h6 {[%clk 0:02:37]} 33.gxh6 {[%clk 0:02:30]} Rxh6 {[%clk 0:03:01]}
34.Bd5 {[%clk 0:02:56]} e3 {[%clk 0:02:16]} 35.Rh1 {[%clk 0:00:44]}
a5 {[%clk 0:01:48]} 36.b3 {[%clk 0:00:49]} Kd6 {[%clk 0:01:46]}
37.Kd3 {[%clk 0:00:34]} Ke5 {[%clk 0:01:56]} 38.Rg2 {[%clk 0:00:33]}
Rxg2 {[%clk 0:01:23]} 39.Bxg2 {[%clk 0:01:01]} Rb6 {[%clk 0:01:36]}
40.Rb1 {[%clk 0:30:37]} a4 {[%clk 0:30:56]} 0-1

[Event "Team men PL"]
[Site "Sochi"]
[Date "2020.11.27"]
[Round "8.3"]
[White "Fedoseev, Vladimir"]
[Black "Kokarev, Dmitry"]
[Result "1/2-1/2"]
[BlackElo "2621"]
[WhiteElo "2676"]
[LiveChessVersion "1.4.8"]

1.d4 {[%clk 1:30:35]} Nf6 {[%clk 1:30:51]} 2.c4 {[%clk 1:30:52]}
g6 {[%clk 1:31:16]} 3.Nc3 {[%clk 1:31:13]} Bg7 {[%clk 1:31:37]}
4.e4 {[%clk 1:31:35]} d6 {[%clk 1:32:00]} 5.Be2 {[%clk 1:31:57]}
O-O {[%clk 1:32:22]} 6.Be3 {[%clk 1:32:21]} c5 {[%clk 1:32:45]}
7.d5 {[%clk 1:32:41]} e6 {[%clk 1:33:05]} 8.Nf3 {[%clk 1:33:03]}
exd5 {[%clk 1:33:29]} 9.cxd5 {[%clk 1:33:24]} Bg4 {[%clk 1:33:52]}
10.Nd2 {[%clk 1:33:46]} Bxe2 {[%clk 1:34:15]} 11.Qxe2 {[%clk 1:34:08]}
Re8 {[%clk 1:34:28]} 12.O-O {[%clk 1:34:17]} Na6 {[%clk 1:34:47]}
13.h3 {[%clk 1:34:01]} Nc7 {[%clk 1:34:50]} 14.a4 {[%clk 1:34:21]}
a6 {[%clk 1:33:27]} 15.a5 {[%clk 1:32:11]} Qe7 {[%clk 1:28:15]}
16.Rae1 {[%clk 1:23:06]} Nd7 {[%clk 1:27:22]} 17.f4 {[%clk 1:19:02]}
b5 {[%clk 1:23:13]} 18.axb6 {[%clk 1:06:29]} Nxb6 {[%clk 1:23:30]}
19.Qd3 {[%clk 1:06:50]} Nb5 {[%clk 1:11:25]} 20.Bf2 {[%clk 0:54:28]}
Qd7 {[%clk 1:02:32]} 21.f5 {[%clk 0:48:34]} Qe7 {[%clk 0:59:03]}
22.Nxb5 {[%clk 0:42:56]} axb5 {[%clk 0:59:03]} 23.Qxb5 {[%clk 0:43:14]}
Rab8 {[%clk 0:56:10]} 24.b3 {[%clk 0:37:42]} Nxd5 {[%clk 0:53:48]}
25.Qc4 {[%clk 0:38:02]} Nb6 {[%clk 0:49:19]} 26.Qd3 {[%clk 0:37:49]}
Nd7 {[%clk 0:49:06]} 27.Bg3 {[%clk 0:33:47]} Ne5 {[%clk 0:41:40]}
28.Qc2 {[%clk 0:28:18]} Rb4 {[%clk 0:39:32]} 29.Kh1 {[%clk 0:27:44]}
Qg5 {[%clk 0:36:30]} 30.Bf4 {[%clk 0:26:37]} Qh4 {[%clk 0:36:44]}
31.Bh2 {[%clk 0:21:29]} Rd4 {[%clk 0:31:45]} 32.Re2 {[%clk 0:21:35]}
Qh5 {[%clk 0:28:38]} 33.Nc4 {[%clk 0:17:33]} Nc6 {[%clk 0:19:55]}
34.Re3 {[%clk 0:13:55]} Ne5 {[%clk 0:17:26]} 35.f6 {[%clk 0:10:17]}
Bh6 {[%clk 0:15:03]} 36.Re2 {[%clk 0:06:54]} Nxc4 {[%clk 0:15:08]}
37.bxc4 {[%clk 0:07:17]} Qh4 {[%clk 0:14:30]} 38.Qa4 {[%clk 0:06:25]}
Re6 {[%clk 0:14:04]} 39.e5 {[%clk 0:05:39]} dxe5 {[%clk 0:14:19]}
40.Qa8+ {[%clk 0:33:35]} Bf8 {[%clk 0:44:37]} 41.Bxe5 {[%clk 0:33:51]}
Qh5 {[%clk 0:38:36]} 42.Rfe1 {[%clk 0:32:05]} Rd1 {[%clk 0:35:36]}
43.Qe4 {[%clk 0:30:44]} Rxe1+ {[%clk 0:35:34]} 44.Rxe1 {[%clk 0:31:08]}
Qg5 {[%clk 0:30:05]} 45.Kg1 {[%clk 0:22:36]} h5 {[%clk 0:27:20]}
46.h4 {[%clk 0:20:26]} Qd2 {[%clk 0:21:56]} 47.Kf1 {[%clk 0:17:46]}
Bd6 {[%clk 0:13:00]} 48.Qa8+ {[%clk 0:18:04]} Kh7 {[%clk 0:13:06]}
49.Qb7 {[%clk 0:18:27]} Kg8 {[%clk 0:13:28]} 50.Qa8+ {[%clk 0:18:43]}
Kh7 {[%clk 0:12:51]} 51.Qb7 {[%clk 0:19:03]} Qd3+ {[%clk 0:10:23]}
52.Kg1 {[%clk 0:15:16]} Kg8 {[%clk 0:10:46]} 53.Qa8+ {[%clk 0:15:38]}
Bf8 {[%clk 0:11:02]} 54.Qd5 {[%clk 0:12:06]} Qf5 {[%clk 0:11:11]}
55.g3 {[%clk 0:09:33]} Qc2 {[%clk 0:07:10]} 56.Kf1 {[%clk 0:07:59]}
Qf5+ {[%clk 0:05:27]} 57.Kg2 {[%clk 0:07:36]} Qc2+ {[%clk 0:04:37]}
58.Kf1 {[%clk 0:07:54]} Qf5+ {[%clk 0:04:25]} 59.Kg2 {[%clk 0:08:15]}
Qc2+ {[%clk 0:03:41]} 1/2-1/2

[Event "Team men PL"]
[Site "Sochi"]
[Date "2020.11.27"]
[Round "8.4"]
[White "Makarian, Rudik"]
[Black "Khairullin, Ildar"]
[Result "0-1"]
[BlackElo "2618"]
[WhiteElo "2441"]
[LiveChessVersion "1.4.8"]

1.e4 {[%clk 1:30:55]} c5 {[%clk 1:30:27]} 2.Nf3 {[%clk 1:31:17]}
d6 {[%clk 1:30:53]} 3.d4 {[%clk 1:31:44]} cxd4 {[%clk 1:31:17]}
4.Nxd4 {[%clk 1:32:12]} Nf6 {[%clk 1:31:40]} 5.Nc3 {[%clk 1:32:38]}
a6 {[%clk 1:32:03]} 6.Be3 {[%clk 1:32:59]} Ng4 {[%clk 1:31:30]}
7.Bc1 {[%clk 1:32:37]} Nf6 {[%clk 1:31:55]} 8.f3 {[%clk 1:29:59]}
e5 {[%clk 1:28:14]} 9.Nb3 {[%clk 1:30:19]} Be6 {[%clk 1:28:34]}
10.Be3 {[%clk 1:30:36]} h5 {[%clk 1:25:22]} 11.Nd5 {[%clk 1:30:54]}
Bxd5 {[%clk 1:24:22]} 12.exd5 {[%clk 1:31:14]} Nbd7 {[%clk 1:24:47]}
13.Qd2 {[%clk 1:31:21]} g6 {[%clk 1:15:56]} 14.O-O-O {[%clk 1:31:39]}
Nb6 {[%clk 1:16:24]} 15.Kb1 {[%clk 1:32:02]} Nbxd5 {[%clk 1:16:46]}
16.Bg5 {[%clk 1:29:27]} Be7 {[%clk 1:17:00]} 17.h4 {[%clk 1:27:45]}
Qc7 {[%clk 1:12:00]} 18.g3 {[%clk 1:06:27]} O-O-O {[%clk 1:00:42]}
19.f4 {[%clk 0:58:19]} Nb6 {[%clk 0:49:57]} 20.Bg2 {[%clk 0:54:45]}
d5 {[%clk 0:30:40]} 21.fxe5 {[%clk 0:40:27]} Ne4 {[%clk 0:30:30]}
22.Qf4 {[%clk 0:30:36]} Bxg5 23.hxg5 Nc4 {[%clk 0:16:40]} 24.Rd4
{[%clk 0:26:17]} Nxe5 {[%clk 0:17:04]} 25.Bxe4 {[%clk 0:26:35]}
dxe4 {[%clk 0:17:31]} 26.Rxe4 {[%clk 0:27:00]} Nc6 {[%clk 0:17:56]}
27.Qe3 {[%clk 0:27:17]} Rd5 {[%clk 0:16:56]} 28.Re1 {[%clk 0:24:40]}
Rhd8 {[%clk 0:14:22]} 29.a3 {[%clk 0:24:02]} Rd1+ {[%clk 0:07:06]}
30.Rxd1 {[%clk 0:23:42]} Rxd1+ {[%clk 0:07:32]} 31.Ka2 {[%clk 0:24:10]}
Rd5 {[%clk 0:07:56]} 32.Rc4 {[%clk 0:19:16]} Re5 {[%clk 0:03:02]}
33.Qc3 {[%clk 0:13:10]} Rxg5 {[%clk 0:03:17]} 34.Qd2 {[%clk 0:03:12]}
Rg4 {[%clk 0:02:56]} 35.Rc5 {[%clk 0:03:24]} Qe7 {[%clk 0:02:30]}
36.Rd5 {[%clk 0:02:10]} Re4 {[%clk 0:01:29]} 37.Rd6 {[%clk 0:00:38]}
Qe5 {[%clk 0:01:15]} 38.Rd5 {[%clk 0:00:41]} Qe7 {[%clk 0:00:50]}
39.Rd6 {[%clk 0:00:55]} Qe5 {[%clk 0:00:55]} 40.Rd5 {[%clk 0:30:41]}
Qxg3 {[%clk 0:31:12]} 41.Nc5 {[%clk 0:21:11]} Re7 {[%clk 0:29:41]}
42.Qh6 Qg4 {[%clk 0:25:26]} 43.Qh8+ {[%clk 0:09:11]} Kc7 {[%clk 0:25:48]}
44.Qc3 {[%clk 0:09:36]} Qf4 {[%clk 0:13:25]} 45.Qb3 {[%clk 0:08:21]}
Kc8 {[%clk 0:13:31]} 46.Qc3 {[%clk 0:05:19]} Qe3 {[%clk 0:08:25]}
47.Qf6 {[%clk 0:03:08]} Qe2 {[%clk 0:08:50]} 48.Qc3 {[%clk 0:02:05]}
Re3 {[%clk 0:06:34]} 49.Qh8+ Kc7 {[%clk 0:03:38]} 50.Rd7+ {[%clk 0:01:15]}
Kb6 {[%clk 0:04:05]} 51.Nd3 {[%clk 0:01:24]} Qxc2 {[%clk 0:04:14]}
52.Qa8 {[%clk 0:00:46]} Rxd3 {[%clk 0:04:15]} 53.Rxb7+ {[%clk 0:01:01]}
Kc5 {[%clk 0:04:39]} 54.Qf8+ {[%clk 0:01:05]} Rd6 {[%clk 0:04:42]}
55.Rd7 {[%clk 0:01:23]} Qd2 {[%clk 0:03:11]} 56.Kb1 {[%clk 0:01:47]}
Qe1+ {[%clk 0:03:37]} 57.Kc2 {[%clk 0:02:06]} Qd1+ {[%clk 0:04:02]} 0-1

[Event "Team men PL"]
[Site "Sochi"]
[Date "2020.11.27"]
[Round "8.5"]
[White "Goganov, Aleksey"]
[Black "Petrov, Nikita"]
[Result "1/2-1/2"]
[BlackElo "2577"]
[WhiteElo "2602"]
[LiveChessVersion "1.4.8"]

1.d4 {[%clk 1:30:56]} Nf6 {[%clk 1:30:44]} 2.c4 {[%clk 1:31:20]}
e6 {[%clk 1:31:05]} 3.g3 {[%clk 1:31:46]} Bb4+ {[%clk 1:30:03]}
4.Bd2 {[%clk 1:31:32]} Be7 {[%clk 1:30:26]} 5.Bg2 {[%clk 1:31:57]}
d5 {[%clk 1:30:51]} 6.Nf3 {[%clk 1:32:24]} O-O {[%clk 1:30:35]}
7.O-O {[%clk 1:32:49]} Nbd7 {[%clk 1:29:53]} 8.Qc2 {[%clk 1:32:37]}
c6 {[%clk 1:29:58]} 9.Rd1 {[%clk 1:31:54]} b6 {[%clk 1:29:13]}
10.b3 {[%clk 1:29:31]} h6 {[%clk 1:19:15]} 11.Bc3 {[%clk 1:29:34]}
Bb7 {[%clk 1:15:59]} 12.Nbd2 {[%clk 1:29:35]} Qc7 {[%clk 1:13:38]}
13.e4 {[%clk 1:25:42]} dxe4 {[%clk 1:05:25]} 14.Nxe4 {[%clk 1:25:25]}
Rfd8 {[%clk 0:46:39]} 15.Nxf6+ {[%clk 1:22:57]} Nxf6 {[%clk 0:45:07]}
16.c5 {[%clk 1:21:10]} Nd5 {[%clk 0:44:44]} 17.Bb2 {[%clk 1:14:30]}
Nb4 {[%clk 0:38:42]} 18.Qc4 {[%clk 1:07:10]} a5 {[%clk 0:36:35]}
19.a3 {[%clk 1:02:32]} Ba6 {[%clk 0:35:42]} 20.Qc3 {[%clk 1:02:14]}
Nd5 {[%clk 0:36:03]} 21.Qc2 {[%clk 1:02:35]} Rab8 {[%clk 0:34:31]}
22.Rab1 {[%clk 0:54:09]} Bf6 {[%clk 0:30:25]} 23.Nd2 {[%clk 0:49:34]}
Be2 {[%clk 0:23:51]} 24.Rdc1 {[%clk 0:49:08]} Bg4 {[%clk 0:21:05]}
25.Re1 {[%clk 0:38:05]} Bf5 {[%clk 0:18:26]} 26.Be4 {[%clk 0:38:28]}
Ne7 {[%clk 0:18:09]} 27.cxb6 {[%clk 0:37:23]} Qxb6 {[%clk 0:17:20]}
28.Bc3 {[%clk 0:37:38]} Qa6 {[%clk 0:13:08]} 29.Nf3 {[%clk 0:37:37]}
Bxe4 {[%clk 0:13:09]} 30.Rxe4 {[%clk 0:37:06]} Rd5 {[%clk 0:12:45]}
31.b4 {[%clk 0:36:23]} axb4 {[%clk 0:10:12]} 32.Bxb4 {[%clk 0:36:22]}
Rdb5 {[%clk 0:07:07]} 33.Ree1 {[%clk 0:32:16]} Nd5 {[%clk 0:06:50]}
34.Bc5 {[%clk 0:32:13]} Qb7 {[%clk 0:03:59]} 35.Nd2 {[%clk 0:31:13]}
Qa6 {[%clk 0:03:14]} 36.Rxb5 {[%clk 0:26:39]} cxb5 {[%clk 0:02:24]}
37.Rb1 {[%clk 0:27:02]} Qc6 {[%clk 0:02:15]} 38.Qd3 {[%clk 0:26:16]}
Bd8 {[%clk 0:01:23]} 39.Ne4 {[%clk 0:24:52]} Bc7 {[%clk 0:01:32]}
40.h4 {[%clk 0:54:53]} Qd7 {[%clk 0:31:19]} 41.Rb3 {[%clk 0:53:35]}
Qe8 {[%clk 0:24:12]} 1/2-1/2

[Event "Team men PL"]
[Site "Sochi"]
[Date "2020.11.27"]
[Round "8.6"]
[White "Zakhartsov, Vladimir"]
[Black "Shimanov, Aleksandr"]
[Result "1-0"]
[BlackElo "2593"]
[WhiteElo "2484"]
[LiveChessVersion "1.4.8"]

1.e4 {[%clk 1:30:57]} e6 {[%clk 1:28:06]} 2.d4 {[%clk 1:25:35]}
d5 {[%clk 1:28:21]} 3.Nd2 {[%clk 1:21:27]} c5 {[%clk 1:25:47]}
4.exd5 {[%clk 1:21:47]} Qxd5 {[%clk 1:26:10]} 5.dxc5 {[%clk 1:22:01]}
Nf6 {[%clk 1:24:31]} 6.Ngf3 {[%clk 1:20:28]} Qxc5 {[%clk 1:24:05]}
7.Bd3 {[%clk 1:20:19]} Nbd7 {[%clk 1:22:31]} 8.O-O {[%clk 1:20:14]}
Be7 {[%clk 1:17:19]} 9.Qe2 {[%clk 1:18:49]} Qc7 {[%clk 1:14:51]}
10.c4 {[%clk 1:14:02]} b6 {[%clk 1:10:48]} 11.b3 {[%clk 1:13:06]}
Bb7 {[%clk 1:09:11]} 12.Bb2 {[%clk 1:13:26]} Qc6 {[%clk 0:58:58]}
13.Rad1 {[%clk 1:08:00]} O-O-O {[%clk 0:34:59]} 14.c5 {[%clk 0:55:29]}
bxc5 {[%clk 0:18:24]} 15.Bb5 {[%clk 0:51:06]} Qc7 {[%clk 0:17:50]}
16.Nc4 {[%clk 0:46:23]} Ng4 {[%clk 0:15:46]} 17.g3 {[%clk 0:35:53]}
Nb6 {[%clk 0:14:43]} 18.Nfe5 {[%clk 0:34:21]} Nxc4 {[%clk 0:05:53]}
19.Nxc4 {[%clk 0:34:41]} h5 {[%clk 0:06:15]} 20.f3 {[%clk 0:31:12]}
h4 {[%clk 0:05:24]} 21.fxg4 {[%clk 0:30:55]} hxg3 {[%clk 0:03:56]}
22.Be5 {[%clk 0:29:07]} Rxh2 {[%clk 0:01:02]} 23.Qxh2 {[%clk 0:29:30]}
gxh2+ {[%clk 0:01:15]} 24.Bxh2 {[%clk 0:29:54]} Rxd1 {[%clk 0:00:33]}
25.Rxd1 {[%clk 0:30:17]} Bf3 {[%clk 0:00:32]} 26.Ba6+ {[%clk 0:30:09]}
 1-0

[Event "Team men PL"]
[Site "Sochi"]
[Date "2020.11.27"]
[Round "8.7"]
[White "Dubov, Daniil"]
[Black "Artemiev, Vladislav"]
[Result "1/2-1/2"]
[BlackElo "2708"]
[WhiteElo "2699"]
[LiveChessVersion "1.4.8"]

1.e4 {[%clk 1:30:57]} e5 {[%clk 1:30:42]} 2.Nf3 {[%clk 1:31:19]}
Nc6 {[%clk 1:30:55]} 3.Bb5 {[%clk 1:31:42]} a6 {[%clk 1:30:50]}
4.Ba4 {[%clk 1:32:05]} Nf6 {[%clk 1:30:42]} 5.O-O {[%clk 1:32:09]}
b5 {[%clk 1:30:31]} 6.Bb3 {[%clk 1:32:32]} Bb7 {[%clk 1:30:44]}
7.c3 {[%clk 1:27:59]} Nxe4 {[%clk 1:30:44]} 8.Re1 {[%clk 1:27:37]}
Nc5 {[%clk 1:29:59]} 9.Bd5 {[%clk 1:19:51]} Be7 {[%clk 1:08:05]}
10.d4 {[%clk 1:13:42]} exd4 {[%clk 1:06:42]} 11.Ng5 {[%clk 1:08:55]}
Ne6 {[%clk 0:50:20]} 12.Qh5 {[%clk 1:08:59]} Bxg5 {[%clk 0:49:37]}
13.Bxg5 {[%clk 1:09:07]} Qc8 {[%clk 0:50:01]} 14.Nd2 {[%clk 0:56:51]}
Ncd8 {[%clk 0:28:06]} 15.Bb3 {[%clk 0:52:40]} O-O {[%clk 0:27:01]}
16.Be7 {[%clk 0:28:00]} Nf4 {[%clk 0:27:07]} 17.Qg4 {[%clk 0:27:22]}
Nde6 {[%clk 0:27:29]} 18.Bxf8 {[%clk 0:22:53]} Qxf8 {[%clk 0:27:41]}
19.Ne4 {[%clk 0:22:04]} Bxe4 {[%clk 0:11:25]} 20.Rxe4 {[%clk 0:17:10]}
f5 {[%clk 0:11:37]} 21.Qxf4 {[%clk 0:17:10]} fxe4 {[%clk 0:12:01]}
22.Qxc7 {[%clk 0:16:31]} Kh8 {[%clk 0:10:54]} 23.Bxe6 {[%clk 0:13:25]}
dxe6 {[%clk 0:11:04]} 24.cxd4 {[%clk 0:13:50]} Rc8 {[%clk 0:10:43]}
25.Qb7 {[%clk 0:13:15]} Rc2 {[%clk 0:10:36]} 26.Rf1 {[%clk 0:13:30]}
Qc8 {[%clk 0:10:21]} 27.Qxe4 {[%clk 0:12:39]} Rxb2 {[%clk 0:10:41]}
28.Re1 {[%clk 0:08:27]} h6 {[%clk 0:10:03]} 29.d5 {[%clk 0:06:11]}
exd5 {[%clk 0:10:03]} 30.Qxd5 {[%clk 0:06:38]} Re2 {[%clk 0:09:04]}
31.Kf1 {[%clk 0:06:01]} Rc2 {[%clk 0:05:21]} 32.g3 {[%clk 0:04:23]}
Qc4+ {[%clk 0:05:17]} 33.Qxc4 {[%clk 0:04:49]} Rxc4 {[%clk 0:05:30]}
34.Re3 {[%clk 0:04:33]} Ra4 {[%clk 0:05:43]} 35.a3 {[%clk 0:04:20]}
g5 {[%clk 0:06:06]} 36.Ke2 {[%clk 0:03:34]} Kg7 {[%clk 0:06:28]}
37.Rf3 {[%clk 0:02:57]} Kg6 {[%clk 0:05:24]} 38.h3 {[%clk 0:03:25]}
h5 {[%clk 0:04:11]} 39.Rc3 {[%clk 0:03:15]} Kf5 {[%clk 0:02:14]}
40.Kd3 {[%clk 0:33:27]} Ke6 {[%clk 0:31:51]} 41.Ke3 {[%clk 0:31:15]}
Kd5 {[%clk 0:27:05]} 42.Rd3+ {[%clk 0:28:21]} Ke5 {[%clk 0:27:14]}
43.f3 {[%clk 0:27:39]} h4 {[%clk 0:24:24]} 44.gxh4 {[%clk 0:22:04]}
Rxh4 {[%clk 0:21:08]} 45.Rd8 {[%clk 0:20:50]} Ra4 {[%clk 0:16:14]}
46.Rd3 {[%clk 0:20:46]} Rc4 {[%clk 0:16:17]} 47.Rb3 {[%clk 0:20:36]}
Kd5 {[%clk 0:13:03]} 48.Kf2 {[%clk 0:16:35]} Kc5 {[%clk 0:08:24]}
49.Re3 {[%clk 0:16:42]} Kd4 {[%clk 0:08:48]} 50.Rb3 {[%clk 0:13:15]}
Kc5 {[%clk 0:05:41]} 51.Re3 {[%clk 0:13:38]} Rd4 {[%clk 0:04:52]}
52.Re5+ {[%clk 0:09:38]} Rd5 {[%clk 0:05:11]} 53.Re6 {[%clk 0:08:13]}
a5 {[%clk 0:05:36]} 54.Ke3 {[%clk 0:06:28]} Kc4 {[%clk 0:03:11]}
55.Rc6+ {[%clk 0:06:56]} Rc5 {[%clk 0:03:30]} 56.Rxc5+ {[%clk 0:04:00]}
Kxc5 {[%clk 0:03:47]} 57.f4 {[%clk 0:04:29]} gxf4+ {[%clk 0:03:44]}
58.Kxf4 {[%clk 0:04:49]} Kc4 {[%clk 0:03:02]} 59.Ke3 {[%clk 0:04:45]}
Kb3 {[%clk 0:02:11]} 60.h4 {[%clk 0:03:45]} Kxa3 {[%clk 0:02:08]}
61.h5 {[%clk 0:04:06]} b4 {[%clk 0:02:16]} 62.h6 {[%clk 0:04:28]}
b3 {[%clk 0:02:43]} 63.h7 {[%clk 0:04:53]} b2 {[%clk 0:03:09]}
64.h8Q {[%clk 0:05:16]} b1Q {[%clk 0:03:35]} 65.Qc3+ {[%clk 0:05:03]}
Qb3 {[%clk 0:03:59]} 66.Kd2 {[%clk 0:05:10]} a4 {[%clk 0:04:22]}
67.Qa1+ {[%clk 0:05:26]} Kb4 {[%clk 0:04:45]} 68.Qd4+ {[%clk 0:05:51]}
 1/2-1/2

[Event "Team men PL"]
[Site "Sochi"]
[Date "2020.11.27"]
[Round "8.8"]
[White "Timofeev, Artyom"]
[Black "Riazantsev, Alexander"]
[Result "1/2-1/2"]
[BlackElo "2628"]
[WhiteElo "2585"]
[LiveChessVersion "1.4.8"]

1.e4 {[%clk 1:30:53]} g6 {[%clk 1:30:52]} 2.d4 {[%clk 1:30:19]}
Bg7 {[%clk 1:31:17]} 3.Nc3 {[%clk 1:29:50]} d6 {[%clk 1:31:38]}
4.Be3 {[%clk 1:27:15]} a6 {[%clk 1:31:43]} 5.Be2 {[%clk 1:17:31]}
b5 {[%clk 1:11:11]} 6.Bf3 {[%clk 1:11:27]} e6 {[%clk 0:59:32]}
7.h4 {[%clk 1:08:33]} h6 {[%clk 0:56:08]} 8.Nge2 {[%clk 1:05:59]}
Nd7 {[%clk 0:46:31]} 9.Nf4 {[%clk 1:00:35]} Ne7 {[%clk 0:44:31]}
10.Nd3 {[%clk 0:58:34]} Rb8 {[%clk 0:37:42]} 11.Qd2 {[%clk 0:53:46]}
Bb7 {[%clk 0:30:01]} 12.Rd1 {[%clk 0:50:07]} Ba8 {[%clk 0:26:30]}
13.a3 {[%clk 0:48:47]} Nf6 {[%clk 0:20:24]} 14.Bf4 {[%clk 0:43:28]}
Nd7 {[%clk 0:17:23]} 15.Be3 {[%clk 0:43:06]} Nf6 {[%clk 0:17:53]}
16.Bf4 {[%clk 0:43:25]} Nd7 {[%clk 0:18:22]} 17.Be3 {[%clk 0:41:42]} 1/2-1/2